Précis des maladies et des insectes nuisibles rencontrés sur les plantes cultivées au Congo, au Rwanda et au Burundi par la division de phytopathologie et d'entomologie agricole
Salvato in:
| Natura: | Libro |
|---|---|
| Lingua: | Undetermined |
| Pubblicazione: |
Bruxelles
Institut National du Congo
1962
|
| Soggetti: | |
| Tags: |
Aggiungi Tag
Nessun Tag, puoi essere il primo ad aggiungerne! !
|
| Thư viện lưu trữ: | Trung tâm Học liệu Trường Đại học Cần Thơ |
|---|
| LEADER | 00582nam a2200157Ia 4500 | ||
|---|---|---|---|
| 001 | CTU_12856 | ||
| 008 | 210402s9999 xx 000 0 und d | ||
| 082 | |a 632 | ||
| 082 | |b P923 | ||
| 245 | 0 | |a Précis des maladies et des insectes nuisibles rencontrés sur les plantes cultivées au Congo, au Rwanda et au Burundi par la division de phytopathologie et d'entomologie agricole | |
| 260 | |a Bruxelles | ||
| 260 | |b Institut National du Congo | ||
| 260 | |c 1962 | ||
| 650 | |a plants, protection of | ||
| 904 | |i Minh, 961119 | ||
| 980 | |a Trung tâm Học liệu Trường Đại học Cần Thơ | ||